<?xml version="1.0" encoding="UTF-8"?>
<record
    xmlns:xsi="http://www.w3.org/2001/XMLSchema-instance"
    xsi:schemaLocation="http://www.loc.gov/MARC21/slim http://www.loc.gov/standards/marcxml/schema/MARC21slim.xsd"
    xmlns="http://www.loc.gov/MARC21/slim">

  <leader>03273nam a2200289Ia 4500</leader>
  <controlfield tag="001">0</controlfield>
  <controlfield tag="003">DR-UNIBE</controlfield>
  <controlfield tag="005">20251124113602.0</controlfield>
  <controlfield tag="008">251124b2005    dr ||||| |||| 00| 0 spa d</controlfield>
  <datafield tag="020" ind1=" " ind2=" ">
    <subfield code="a">9993495301 (volumen 2)</subfield>
  </datafield>
  <datafield tag="040" ind1=" " ind2=" ">
    <subfield code="a">BIBLIOTECA UNIBE</subfield>
    <subfield code="c">BIBLIOTECA UNIBE</subfield>
    <subfield code="b">spa</subfield>
  </datafield>
  <datafield tag="041" ind1=" " ind2=" ">
    <subfield code="a">spa</subfield>
  </datafield>
  <datafield tag="082" ind1="0" ind2=" ">
    <subfield code="a">RD 342.7293 J82d 2005</subfield>
  </datafield>
  <datafield tag="100" ind1="1" ind2=" ">
    <subfield code="a">Jorge Prats, Eduardo,</subfield>
    <subfield code="9">8540</subfield>
    <subfield code="d">1964-</subfield>
    <subfield code="e">autor</subfield>
  </datafield>
  <datafield tag="245" ind1="1" ind2="0">
    <subfield code="a">Derecho constitucional. Volumen 2 / </subfield>
    <subfield code="c">Eduardo Jorge Prats</subfield>
  </datafield>
  <datafield tag="250" ind1=" " ind2=" ">
    <subfield code="a">Primera edici&#xF3;n</subfield>
  </datafield>
  <datafield tag="260" ind1=" " ind2=" ">
    <subfield code="a">Santo Domingo : </subfield>
    <subfield code="b">Gaceta Judicial,</subfield>
    <subfield code="c">2005</subfield>
  </datafield>
  <datafield tag="300" ind1=" " ind2=" ">
    <subfield code="a">vol&#xFA;menes</subfield>
  </datafield>
  <datafield tag="490" ind1=" " ind2=" ">
    <subfield code="a">Gaceta Judicial. Colecci&#xF3;n Manuales</subfield>
  </datafield>
  <datafield tag="505" ind1="0" ind2=" ">
    <subfield code="a">Dedicatoria |
Pr&#xF3;logo |
PARTE VI: LA ORGANIZACI&#xD3;N DE LA LIBERTAD |
Cap&#xED;tulo 25. El sistema de los derechos fundamentales |
Cap&#xED;tulo 26. El derecho a la igualdad |
Cap&#xED;tulo 27. Los derechos constitutivos de la personalidad |
Cap&#xED;tulo 28. Los derechos de la comunicaci&#xF3;n f&#xED;sica, intelectual y social |
Cap&#xED;tulo 29. Los derechos sociales |
Cap&#xED;tulo 30. El debido proceso |
Cap&#xED;tulo 31. La protecci&#xF3;n de los derechos fundamentales |
Cap&#xED;tulo 32. Los deberes fundamentales |
PARTE VII: LA ORGANIZACI&#xD3;N DEL PODER |
Cap&#xED;tulo 33. El poder electoral |
Cap&#xED;tulo 34. La separaci&#xF3;n de poderes |
Cap&#xED;tulo 35. El poder legislativo |
Cap&#xED;tulo 36. El poder ejecutivo |
Cap&#xED;tulo 37. El poder judicial |
PARTE VIII: CONSTITUCI&#xD3;N Y SOCIEDAD |
Cap&#xED;tulo 38. La constitucionalizaci&#xF3;n de la sociedad |
Cap&#xED;tulo 39. La constituci&#xF3;n econ&#xF3;mica |
Cap&#xED;tulo 40. La constituci&#xF3;n cultural |
Cap&#xED;tulo 41. La constituci&#xF3;n ambiental |
Cap&#xED;tulo 42. La constitucionalizaci&#xF3;n del derecho |
PARTE IX. LA ESTRUCTURA TERRITORIAL DEL ESTADO |
Cap&#xED;tulo 43. Las formas de Estado &#x2640;4
Cap&#xED;tulo 44. La autonom&#xED;a municipal |
PARTE X: LA DEFENSA DE LA CONSTITUCI&#xD3;N |
Cap&#xED;tulo 45. La defensa de la Constituci&#xF3;n |
Cap&#xED;tulo 46. El estado de excepci&#xF3;n |
Cap&#xED;tulo 47. La reforma constitucional</subfield>
  </datafield>
  <datafield tag="520" ind1="3" ind2=" ">
    <subfield code="a">Esta obra parte del presupuesto de que el Derecho Constitucional permite la cr&#xED;tica del Derecho desde el Derecho mismo porque la Constituci&#xF3;n, sobre todo, contiene normas que rigen la producci&#xF3;n de normas, tanto a nivel formal o procesal como a nivel sustancial o de contenido. De ah&#xED; que el libro toma la Constituci&#xF3;n en serio y no es permeado por el escepticismo de quienes invalidan la Constituci&#xF3;n a partir de pr&#xE1;cticas pol&#xED;ticas o sociales. El Derecho Constitucional debe construir puentes entre la normatividad y la facticidad que acerquen las pr&#xE1;cticas de instituciones, autoridades y ciudadanos a los preceptos constitucionales y que permitan revisar estos preceptos a la luz de estas pr&#xE1;cticas. La obra del profesor Eduardo Jorge Prats, en dos vol&#xFA;menes, permite al lector aproximarse no solo al Derecho Constitucional dominicano sino, en sentido general, a la Teor&#xED;a de la Constituci&#xF3;n y al Derecho Constitucional comparado que le sirve de sustento, pudiendo orientar as&#xED; la labor de jueces y dem&#xE1;s operadores del ordenamiento jur&#xED;dico-constitucional.</subfield>
  </datafield>
  <datafield tag="650" ind1=" " ind2="7">
    <subfield code="a">Derecho constitucional</subfield>
    <subfield code="9">5528</subfield>
    <subfield code="2">lemb</subfield>
  </datafield>
  <datafield tag="651" ind1=" " ind2="7">
    <subfield code="a">Rep&#xFA;blica Dominicana</subfield>
    <subfield code="x">Derecho constitucional</subfield>
    <subfield code="9">5535</subfield>
    <subfield code="2">lemb</subfield>
  </datafield>
  <datafield tag="655" ind1=" " ind2="7">
    <subfield code="2">lemb</subfield>
    <subfield code="a">Manuales</subfield>
    <subfield code="9">194534</subfield>
  </datafield>
  <datafield tag="942" ind1=" " ind2=" ">
    <subfield code="c">BK</subfield>
    <subfield code="2">ddc</subfield>
  </datafield>
  <datafield tag="951" ind1=" " ind2=" ">
    <subfield code="a">20101116 07:27:11</subfield>
  </datafield>
  <datafield tag="999" ind1=" " ind2=" ">
    <subfield code="c">114233</subfield>
    <subfield code="d">114233</subfield>
  </datafield>
  <datafield tag="952" ind1=" " ind2=" ">
    <subfield code="0">0</subfield>
    <subfield code="1">0</subfield>
    <subfield code="2">ddc</subfield>
    <subfield code="7">0</subfield>
    <subfield code="8">GEN-RD</subfield>
    <subfield code="a">Principal</subfield>
    <subfield code="d">2025-09-24</subfield>
    <subfield code="l">0</subfield>
    <subfield code="o">RD 342.7293 J82d_2005</subfield>
    <subfield code="p">251100</subfield>
    <subfield code="r">2025-11-24 11:37:54</subfield>
    <subfield code="t">Vol. 2, Ej. 1</subfield>
    <subfield code="w">2025-11-24</subfield>
    <subfield code="y">BK</subfield>
  </datafield>
</record>
